Central Library OPAC University of Rajshahi

তড়িৎ-কৌশল পরিচয় / (Record no. 44192)

MARC details
000 -LEADER
fixed length control field 00907nam a2200253 a 4500
001 - CONTROL NUMBER
control field 44192
003 - CONTROL NUMBER IDENTIFIER
rucl marc code BD-RjUL
005 - DATE AND TIME OF LATEST TRANSACTION
control field 20211209053819.0
008 - FIXED-LENGTH DATA ELEMENTS--GENERAL INFORMATION
fixed length control field 160714s1986 bg a|||| |||| 00| 0 ben d
020 ## - INTERNATIONAL STANDARD BOOK NUMBER
Terms of availability : Tk. 100.00
035 ## - SYSTEM CONTROL NUMBER
System control number (BD-RjUL)44310
040 ## - CATALOGING SOURCE
Original cataloging agency BD-RjUL
Language of cataloging ben
Transcribing agency BD-RjUL
041 ## - LANGUAGE CODE
Language code of text/sound track or separate title ben
082 ## - DEWEY DECIMAL CLASSIFICATION NUMBER
Edition number 23
Classification number 621.3
Author mark and year HUT 1986
100 ## - MAIN ENTRY--PERSONAL NAME
Personal name হক, জহুরুল
9 (RLIN) 122239
245 10 - TITLE STATEMENT
Title তড়িৎ-কৌশল পরিচয় /
Statement of responsibility, etc. জহুরুল হক
250 ## - EDITION STATEMENT
Edition statement ২য় সং.
260 ## - PUBLICATION, DISTRIBUTION, ETC. (IMPRINT)
Place of publication, distribution, etc. ঢাকা :
Name of publisher, distributor, etc. বাংলা একাডেমী,
Date of publication, distribution, etc. ১৯৮৬
300 ## - PHYSICAL DESCRIPTION
Pagination [১৬], ৩৯৯ পৃ. :
Illustrations চিত্র ;
Size ২৩ সেমি.
500 ## - GENERAL NOTE
General note পরিভাষা সংযুক্ত
650 ## - SUBJECT ADDED ENTRY--TOPICAL TERM
Topical term or geographic name as entry element তড়িৎ ও ইলেকট্রনিক প্রকৌশল
9 (RLIN) 135695
Topical term or geographic name as entry element Electrical engineering
9 (RLIN) 135696
942 ## - ADDED ENTRY ELEMENTS (KOHA)
Source of classification or shelving scheme Dewey Decimal Classification
Koha item type Books
Holdings
Lost status Source of classification or shelving scheme Damaged status Not for loan Collection code Permanent Location Current Location Shelving location Date acquired Source of acquisition Cost, normal purchase price Total Checkouts Full call number Date last seen Copy number Koha item type
  Dewey Decimal Classification     Non-fiction Central Library, University of Rajshahi Central Library, University of Rajshahi   25/10/1987 Bangla Academy, Dhaka 100.00   B 621.3 HUT 1986 14/07/2016 C-2 Books
  Dewey Decimal Classification     Non-fiction Central Library, University of Rajshahi Central Library, University of Rajshahi   25/10/1987 Bangla Academy, Dhaka 100.00   B 621.3 HUT 1986 14/07/2016 C-3 Books
  Dewey Decimal Classification     Non-fiction Central Library, University of Rajshahi Central Library, University of Rajshahi   25/10/1987 Bangla Academy, Dhaka 100.00   B 621.3 HUT 1986 24/09/2016 C-4 Books
  Dewey Decimal Classification     Non-fiction Central Library, University of Rajshahi Central Library, University of Rajshahi   29/09/1992 Bangla Academy, Dhaka 100.00   B 621.3 HUT 1986 27/09/2016 C-5 Books
  Dewey Decimal Classification   Not For Loan Non-fiction Central Library, University of Rajshahi Central Library, University of Rajshahi Reading Room 15/10/1987 Bangla Academi, Dhaka 100.00   B 621.3 HUT 1986 22/04/2017 C-1 Books